| 000 | 00977cam a22003011 4500 | ||
|---|---|---|---|
| 999 |
_c129285 _d129285 |
||
| 001 | 8854166 | ||
| 003 | ARRUPE | ||
| 005 | 20190328112434.0 | ||
| 008 | 760224s1953 enkab b 001 0 eng | ||
| 010 | _a 54001756 | ||
| 015 | _aGB53-11730 | ||
| 035 | _a(OCoLC)2009544 | ||
| 040 |
_aDLC _cAzFU _dOCoLC _dUk _dOCoLC _dDLC |
||
| 042 | _apremarc | ||
| 050 | 0 | 0 |
_aGN659.N5 _bG8 |
| 082 | _a572.9676 | ||
| 100 | 1 |
_aGulliver, Pamela. _945480 |
|
| 245 | 1 | 4 |
_aThe central Nilo-Hamites, _cby Pamela Gulliver and P.H. Gulliver. |
| 260 |
_aLondon, _bInternational African Institute, _c1953. |
||
| 300 |
_aviii, 106 p. ; _billus., maps (1 fold. col.) _c25 cm. |
||
| 440 | 0 |
_aEthnographic survey of Africa: East central Africa, _vpt. 7 _945481 |
|
| 500 | _aRe | ||
| 504 | _aBibliography: p. 100-101. | ||
| 650 | 0 |
_aNilo-Hamitic peoples. _917330 |
|
| 700 | 1 |
_aGulliver, P. H. _938143 |
|
| 906 |
_a7 _bcbc _coclcrpl _du _encip _f19 _gy-gencatlg |
||
| 942 |
_2lcc _cMONOGRAPH |
||